The ABC of soils.

Bibliographic Details
Main Author: Joffe, Jacob Samuel, 1886-
Format: Book
Language:English
Published: New Brunswick, N.J. : Pedology Publications, 1949.
Subjects:

MARC

Tag First Indicator Second Indicator Subfields
LEADER 00000cam a22000001 4500
001 in00000040641
005 20151007074533.0
008 730216s1949 njuab 001 0 eng
010 |a agr49000108  
035 |a (OCoLC)ocm00560008 
035 |a (OCoLC)00560008 
035 |9 AAF1676AM 
040 |a DLC  |c WRJ  |d DLC  |d UBA  |d UtOrBLW 
049 |a TXAM 
050 0 0 |a S591  |b .J56 
082 0 0 |a 631.4 
100 1 |a Joffe, Jacob Samuel,  |d 1886- 
245 1 4 |a The ABC of soils. 
264 1 |a New Brunswick, N.J. :  |b Pedology Publications,  |c 1949. 
300 |a iv, 283, that is, 383 pages :  |b illustrations, map ;  |c 24 cm. 
336 |a text  |b txt  |2 rdacontent 
337 |a unmediated  |b n  |2 rdamedia 
338 |a volume  |b nc  |2 rdacarrier 
650 0 |a Soils. 
650 3 |a Soil. 
650 7 |a Ciencia Do Solo.  |2 larpcal 
994 |a E0  |b TXA 
999 |a MARS 
999 f f |s a2c66eaa-5bf0-38e4-bc6d-8935544639c2  |i 8b46567d-43ae-3c72-bdb5-f4de9dc76bc4  |t 0 
952 f f |p ric  |a Texas A&M University  |b Rellis Campus  |c Joint Library Facility  |d Remote Storage  |t 0  |e S591 .J56  |h Library of Congress classification  |i unmediated -- volume  |m A14801064193 
998 f f |a S591 .J56  |t 0  |l Remote Storage